000 00513nam a2200145 i 4500
001 102361
003 ES-MaACL
005 20230906183108.0
007 t|
008 051110s1916 sp ||||1| spa d
100 1 _aMenéu y Menéu, Pascual.
_980350
245 1 0 _aSobre estudios semíticos en España
_b: Discurso leído en la inaguración del curso académico de 1916 a 1917 en la Universidad de Salamanca /
_cPascual Menéu y Menéu.
260 _aSalamanca :
_b[s.n.],
_c1916.
852 _aES-MaACL
_j1536-F-10
999 _c102361
_d102361